| 000 | 00565cam a22001814a 4500 | ||
|---|---|---|---|
| 020 | _a0071462899 | ||
| 082 | 0 | 0 |
_a620.136 _bMEH _cMCE |
| 100 | 1 |
_aMehta, P. Kumar _945442 |
|
| 245 | 1 | 0 |
_aConcrete : _bmicrostructure, properties, and materials. |
| 250 | _a / | ||
| 260 |
_aNew York : _bMcGraw-Hill, _cc2006. |
||
| 300 |
_axxi, 659 p. : _bill. ; _c25 cm + _e1 CD-ROM (4 3/4 in.). |
||
| 526 |
_a0 _b0 _c0 _d620_136000000000000_MEH |
||
| 650 | 0 | _aConcrete. | |
| 700 | 1 |
_aMonteiro, Paulo J. M. _946952 |
|
| 856 | 4 | 2 | _uhttp://172.25.8.12:8080/browse/book/72 |
| 942 |
_2ddc _cBK |
||
| 999 |
_c553830 _d553830 |
||